British Prime Ministers A-Z Quiz Stats

 Plays Quiz not verified by Sporcle

Challenge
Share
Tweet
Embed
Score 0/54 Timer 10:00
0 Plays Today
% Correct
Margaret Thatcher
92.3%
Gordon Brown
92.3%
Tony Blair
92.3%
Winston Churchill
91%
David Cameron
89.7%
Harold Wilson
83.3%
Benjamin Disraeli
83.3%
Edward Heath
80.8%
William Pitt
80.8%
Neville Chamberlain
78.2%
Clement Attlee
78.2%
William Ewart Gladstone
76.9%
John Major
76.9%
James Callaghan
75.6%
Sir Anthony Eden
74.4%
Herbert Asquith
74.4%
Stanley Baldwin
74.4%
Sir Alec Douglas-Home
74.4%
Sir Robert Peel
73.1%
David Lloyd George
70.5%
Sir Robert Walpole
67.9%
Arthur Balfour
67.9%
Ramsay MacDonald
67.9%
Harold Macmillan
67.9%
Marquis of Salisbury
66.7%
Sir Henry Campbell-Bannerman
65.4%
Andrew Bonar Law
64.1%
% Correct
Earl of Liverpool
61.5%
Earl of Derby
55.1%
Lord North
53.8%
Viscount Melbourne
52.6%
Lord John Russell
52.6%
Earl Grey
52.6%
Earl Russell
52.6%
Earl of Aberdeen
48.7%
Earl of Rosebery
48.7%
Viscount Palmerston
47.4%
George Canning
46.2%
Spencer Perceval
44.9%
Henry Pelham
43.6%
George Grenville
39.7%
Duke of Newcastle
39.7%
Lord William Grenville
39.7%
Marquis of Rockingham
39.7%
Earl of Bute
38.5%
Duke of Wellington
38.5%
Duke of Portland
37.2%
Duke of Devonshire
35.9%
Henry Addington
30.8%
Viscount Goderich
30.8%
Earl of Chatham
29.5%
Duke of Grafton
28.2%
Earl of Wilmington
26.9%
Earl of Shelbourne
25.6%

You're not logged in!

Compare scores with friends on all Sporcle quizzes.
Join for Free
OR
Log In

You Might Also Like...

Show Comments

Extras

Top Quizzes Today


Score Distribution

Your Account Isn't Verified!

In order to create a playlist on Sporcle, you need to verify the email address you used during registration. Go to your Sporcle Settings to finish the process.

Report this User

Report this user for behavior that violates our Community Guidelines.

Details: